000 00741nam a2200205Ii 4500
003 JO-AjNU
008 230605s9999||||xx |||||||||||||| ||und||
040 _aJO-AjNU
_bara
_erda
_cJO-AjNU
041 _aara
050 1 4 _aDS36.82.S3238 1984
100 3 _aابراهيم، سعد الدين,
_eauthor
_945214
245 0 0 _aتجسير الفجوة بين صانعي القرارات والمفكرين العرب
264 3 1 _aعمان: منتدى الفكر العربي، 1984
300 _a113ص
336 _atext
_btxt
_2rdacontent
337 _aunmediated
_bn
_2rdamedia
338 _avolume
_bnc
_2rdacarrier
490 0 _aمنتدى الفكر العربي /عمان؛ 4
650 4 _aالمفكرين العرب-تاريخ
_945215
999 _aA19582
_c23150
_d23150